000 00693nam a2200253Ia 4500
003 OSt
005 20220916111036.0
006 a|||||r|||| 00| 0
007 ta
008 220915b |||||||| |||| 00| 0 eng d
024 _a126918
037 _cTextbook
040 _beng
_aARTS
_cARTS
041 _aeng
082 _aV682:1:N5, J3
100 _aPankhurst E S
245 0 _aEthiopia and Eritrea: the last phase of the reunion struggle 1941-1952
260 _aEssex
_bLalibela House
300 _a360p.
_ccm.
650 _aHISTORY
700 _a Pankhuest R K P
942 _hV682:1:N5, J3
_cTB
_2CC
999 _c104296
_d104296